| 000 | 00806cam a22002414a 4500 | ||
|---|---|---|---|
| 001 | 15577256 | ||
| 005 | 20130509153246.0 | ||
| 008 | 090107s2009 flua b 001 0 eng | ||
| 010 | _a 2008054554 | ||
| 020 | _a9781420054231 (hardback : alk. paper) | ||
| 020 | _a9781420053623 (series) | ||
| 082 | 0 | 0 |
_a621.381 _222 _bAPP |
| 245 | 0 | 0 |
_aApplications of Metamaterials / _cedited by Filippo Capolino. |
| 260 |
_aBoca Raton, FL : _bCRC Press, _cc2009. |
||
| 300 |
_a1 v. (various pagings) : _bill. ; _c27 cm. |
||
| 490 | 0 | _aMetamaterials handbook | |
| 504 | _aIncludes bibliographical references and index. | ||
| 650 | 0 |
_aElectronic apparatus and appliances _xMaterials. _933163 |
|
| 650 | 0 |
_aMetamaterials. _931680 |
|
| 653 |
_bEle _cMay2013 |
||
| 700 | 1 |
_aCapolino, Filippo. _933164 |
|
| 942 |
_2ddc _cBB |
||
| 999 |
_c17453 _d17425 |
||